Mineral resources of the region around Boulder dam, (Record no. 27308)
[ view plain ]
| 000 -LEADER | |
|---|---|
| fixed length control field | 01210cam a22002891 4500 |
| 001 - CONTROL NUMBER | |
| control field | gs 36000333 |
| 003 - CONTROL NUMBER IDENTIFIER | |
| control field | DLC |
| 005 - DATE AND TIME OF LATEST TRANSACTION | |
| control field | 20260227111341.0 |
| 008 - FIXED-LENGTH DATA ELEMENTS--GENERAL INFORMATION | |
| fixed length control field | 800702s1936 dcuabf b f001 0 eng |
| 010 ## - LIBRARY OF CONGRESS CONTROL NUMBER | |
| LC control number | gs 36000333 |
| 035 ## - SYSTEM CONTROL NUMBER | |
| System control number | (OCoLC)6479412 |
| 040 ## - CATALOGING SOURCE | |
| Original cataloging agency | DLC |
| Transcribing agency | ICharE |
| Modifying agency | DLC |
| 042 ## - AUTHENTICATION CODE | |
| Authentication code | premarc |
| 043 ## - GEOGRAPHIC AREA CODE | |
| Geographic area code | n-us-az |
| -- | n-us-ca |
| -- | n-us-nv |
| 050 00 - LIBRARY OF CONGRESS CALL NUMBER | |
| Classification number | QE75 |
| Item number | .B9 no. 871 |
| 051 ## - LIBRARY OF CONGRESS COPY, ISSUE, OFFPRINT STATEMENT | |
| Classification number | TN23.6 |
| Item number | .H4 |
| Copy information | Copy 2. |
| 100 1# - MAIN ENTRY--PERSONAL NAME | |
| Personal name | Hewett, Donnel Foster, |
| Dates associated with a name | 1881-1971. |
| 245 10 - TITLE STATEMENT | |
| Title | Mineral resources of the region around Boulder dam, |
| Statement of responsibility, etc. | by D.F. Hewett, Eugene Callaghan, B.N. Moore, T.B. Nolan, W.W. Rubey and W.T. Schaller. |
| 260 ## - PUBLICATION, DISTRIBUTION, ETC. | |
| Place of publication, distribution, etc. | Washington, |
| Name of publisher, distributor, etc. | U.S. Govt. Print. Off., |
| Date of publication, distribution, etc. | 1936. |
| 300 ## - PHYSICAL DESCRIPTION | |
| Extent | vi, 197 p. |
| Other physical details | incl. illus., tables, 14 pl. (part fold.; incl. maps, diagrs.) 3 fold. maps (in pocket) |
| Dimensions | 23 cm. |
| 490 0# - SERIES STATEMENT | |
| Series statement | U.S. Geological survey. Bulletin 871 |
| 500 ## - GENERAL NOTE | |
| General note | At head of title: United States Department of the Interior, Harold L. Ickes, Secretary, Geological survey. W.C. Mendenhall, director. |
| 504 ## - BIBLIOGRAPHY, ETC. NOTE | |
| Bibliography, etc. note | Bibliographical foot-notes |
| 650 #0 - SUBJECT ADDED ENTRY--TOPICAL TERM | |
| Topical term or geographic name entry element | Mines and mineral resources |
| Geographic subdivision | Arizona. |
| 650 #0 - SUBJECT ADDED ENTRY--TOPICAL TERM | |
| Topical term or geographic name entry element | Mines and mineral resources |
| Geographic subdivision | California. |
| 650 #0 - SUBJECT ADDED ENTRY--TOPICAL TERM | |
| Topical term or geographic name entry element | Mines and mineral resources |
| Geographic subdivision | Nevada. |
No items available.